It's a Lat,Lat,Lat world

Bibliographic Details
Main Author: Lat
Format: Book
Published: K.Lumpur : Berita Publishing , 1994
Subjects:

MARC

LEADER 00000cam a2200000 7i4500
001 0000006240
002 000006737
005 20000330.0
020 |a 967969075X 
090 0 0 |a C   |b LAT 
100 0 |a Lat 
245 1 0 |a It's a Lat,Lat,Lat world   |c Lat 
260 |a K.Lumpur :   |b Berita Publishing ,   |c 1994 
300 |a 146p. ;   |c 21cm. 
650 0 0 |a Cartoon and carricatures 
999 |a 00068854   |b BUKU   |c CARTOON   |e PERPUSTAKAAN KOMUNITI PETALING JAYA 
999 |a 038985   |b BUKU   |c CARTOON   |e PERPUSTAKAAN KOMUNITI PETALING JAYA 
999 |a 038986   |b BUKU   |c CARTOON   |e PERPUSTAKAAN KOMUNITI PETALING JAYA